Movies Quiz

Random Movies Quiz

Movie Taglines: Marx Brothers Quiz Stats

 Plays Quiz not verified by Sporcle

Score 0/12 Timer 02:00
0 Plays Today
% Correct
Go West (1940)
65%
The Story of Mankind (1957)
63%
Humor Risk (1921)
41%
A Night in Casablanca (1946)
39%
A Night at the Opera (1935)
32%
The Cocoanuts (1929)
31%
Animal Crackers (1930)
25%
Monkey Business (1931)
22%
A Day at the Races (1937)
11%
The Big Store (1941)
9%
Room Service (1938)
7%
At the Circus (1939)
6%

You're not logged in!

Compare scores with friends on all Sporcle quizzes.
OR
Log In

You Might Also Like...

Show Comments

Extras

Top Quizzes Today


Score Distribution

Your Account Isn't Verified!

In order to create a playlist on Sporcle, you need to verify the email address you used during registration. Go to your Sporcle Settings to finish the process.

Report this User

Report this user for behavior that violates our Community Guidelines.

Details: